000 00755ngm a2200289 a 4500
003 OSt
005 20251020182701.0
008 240217s9999 xx 000 0 und d
040 _aPE SENCICO BE
040 _cPE SENCICO BE
041 _aspa
082 _aM005
245 0 _aLa calidad como Estrategia para el reto de las empresas frente a la Globalización de los Mercados /
245 0 _cComité de Gestión de la Calidad
260 _aLima
260 _bComité de Gestión de la Calidad
260 _c1993
300 _a1 VIDEO
300 _bson., Col.
300 _c1:15'
490 _aCALIDAD EMPRESARIAL
511 _aVazquez Mota, Josefina
650 _aCALIDAD
650 _aEMPRESAS
910 _aila.
942 _cVID
_2ddc
999 _c4820
_d4820